Throne of Glass Characters - Statistics

General Stats
  • This quiz has been taken 105 times
  • The average score is 26 of 77
Answer Stats
Hint Characters % Correct
Aelin Galathinius
98%
Her ´Lovers´ Chaol Westfall
96%
Rowan Whitethorn
96%
Manon Blackbeak
95%
Manon Blackbeak
95%
Dorian Havilliard
94%
Family Aedion Ashryver
83%
Dead Sam Cortland
81%
Enemys Maeve
78%
Yellowlegs Baba Yellowleg
74%
Lorcan Salvaterre
73%
Lysandra
71%
Asterin
70%
Elide Lorchan
68%
Fenrys Moonbeam
60%
Gavriel
60%
Yrene
58%
Main Characters Names Celeana Sardothien
54%
Elena Galathinius
49%
Erawan
49%
Nesryn Faliq
45%
Mala - Fire - Bringer
44%
Lillian Gordaina
40%
Ansel of Briarcliff
39%
Iskra Yellowleg
38%
Sartaq
38%
Sorrel
38%
Evalin Ashryver Galathynius
34%
Mab
34%
Evangeline
33%
Petrah Blueblood
33%
Kaltain
31%
Brannon Galathinius
30%
Vesta
29%
Crochan Witches Rhiannon Crochan
28%
Rhiannon Crochan II
28%
Duke Perrington
26%
Nox Owen
26%
Rhoe Galathynius
26%
Imogen
25%
Galan Ashrvyer
24%
Ren Allsbrook
24%
King of Adarlan
23%
Fleetfoot
21%
Cairn
20%
Faline
20%
Fallon
20%
Blackbeak witches Matron Blackbeak
20%
Ghislaine
19%
Archer
18%
Orlon Galathynius
18%
Thea
18%
Briar
16%
Hasar
16%
Edda
14%
Hellas
14%
Kaya
14%
Others Borte
13%
Connall
13%
Bronwen Vanora-Crochan
11%
Gods Anneith
10%
Linnea
10%
Nameless
10%
Bluebloods Cresseida Blueblood
9%
Glennis
9%
Falkan Ennar
6%
Tristan Crochan
6%
Vernon Lochan
6%
Karsyn
4%
Telyn Vanora
4%
Una
4%
Elenthia
3%
The Lord of the north
3%
Daenna
1%
Lothian Blackbeak
1%
Friends Nehima
1%
The Silent Assasians
0%
No matching quizzes found
Score Distribution
Percent of People with Each Score
Percentile by Number Answered
Your Score History
You have not taken this quiz